Language Policy Planning And Management (Record no. 43621)
[ view plain ]
| 000 -LEADER | |
|---|---|
| fixed length control field | 00471nam a22001697a 4500 |
| 005 - DATE AND TIME OF LATEST TRANSACTION | |
| control field | 20250416123931.0 |
| 008 - FIXED-LENGTH DATA ELEMENTS--GENERAL INFORMATION | |
| fixed length control field | 250416b |||||||| |||| 00| 0 eng d |
| 020 ## - INTERNATIONAL STANDARD BOOK NUMBER | |
| International Standard Book Number | 9781647268688 |
| 041 ## - LANGUAGE CODE | |
| Language code of text/sound track or separate title | eng |
| 082 ## - DEWEY DECIMAL CLASSIFICATION NUMBER | |
| Classification number | 306.44 FUE |
| 100 ## - MAIN ENTRY--PERSONAL NAME | |
| Author | Fuentes, Ernie |
| 245 ## - TITLE STATEMENT | |
| Title | Language Policy Planning And Management |
| 260 ## - PUBLICATION, DISTRIBUTION, ETC. | |
| Place | USA |
| Publisher | Clanrye International |
| Publication Year | 2025 |
| 300 ## - PHYSICAL DESCRIPTION | |
| Extent | 355;. pages: 24 cm |
| 650 ## - SUBJECT ADDED ENTRY--TOPICAL TERM | |
| Subject | Language Arts & Disciplines; Linguistics; General |
| 942 ## - ADDED ENTRY ELEMENTS (KOHA) | |
| Koha item type | Books |
| Withdrawn status | Lost status | Source of classification or shelving scheme | Damaged status | Not for loan | Home library | Current library | Shelving location | Accession Date | Vendor | Price | Bill number | Total Checkouts | Full call number | Barcode No | Date last seen | Discount | Bill Date | Koha item type | Suggested By |
|---|---|---|---|---|---|---|---|---|---|---|---|---|---|---|---|---|---|---|---|
| Dewey Decimal Classification | IMTN | IMTN | Rack 5-B | 03/27/2025 | Raghav Books Private Limited | 14437.22 | 2374 | 306.44 FUE | 33860 | 04/16/2025 | 33 | 02/14/2025 | Books | Dr. Mantha Raghu (Head Librarian) |